Skúsenosť (Record no. 20427)
[ view plain ]
| 000 -LEADER | |
|---|---|
| fixed length control field | 01471cam a2200409 a 4500 |
| 001 - CONTROL NUMBER | |
| control field | 20427 |
| 003 - CONTROL NUMBER IDENTIFIER | |
| control field | VRT |
| 005 - DATE AND TIME OF LATEST TRANSACTION | |
| control field | 20260122135348.0 |
| 008 - FIXED-LENGTH DATA ELEMENTS--GENERAL INFORMATION | |
| fixed length control field | 240226s1999 xo gr 000 j slo |
| 015 ## - NATIONAL BIBLIOGRAPHY NUMBER | |
| National bibliography number | SNBA2004/03-02108 |
| 020 ## - INTERNATIONAL STANDARD BOOK NUMBER | |
| International Standard Book Number | 8088834562 |
| 035 ## - SYSTEM CONTROL NUMBER | |
| System control number | SNK000406351 |
| 035 ## - SYSTEM CONTROL NUMBER | |
| System control number | urn:nbn:sk:snk-am3itej |
| 035 ## - SYSTEM CONTROL NUMBER | |
| System control number | F3FD41FC-EAD1-469A-B556-0FD267D954C6 |
| 035 ## - SYSTEM CONTROL NUMBER | |
| System control number | urn:nbn:sk:snk-am00fhms |
| 039 #9 - LEVEL OF BIBLIOGRAPHIC CONTROL AND CODING DETAIL [OBSOLETE] | |
| Level of rules in bibliographic description | 202402261710 |
| Level of effort used to assign nonsubject heading access points | VLOAD |
| Level of effort used to assign subject headings | 202205110850 |
| Level of effort used to assign classification | VLOAD |
| Level of effort used to assign subject headings | 202109061601 |
| Level of effort used to assign classification | VLOAD |
| Level of effort used to assign subject headings | 202108271605 |
| Level of effort used to assign classification | VLOAD |
| 040 ## - CATALOGING SOURCE | |
| Original cataloging agency | SNK |
| Language of cataloging | slo |
| Transcribing agency | SNK |
| Description conventions | AACR2 |
| 041 0# - LANGUAGE CODE | |
| Language code of text/sound track or separate title | slo |
| 044 ## - COUNTRY OF PUBLISHING/PRODUCING ENTITY CODE | |
| MARC country code | xo |
| ISO country code | SK |
| 072 #7 - SUBJECT CATEGORY CODE | |
| Subject category code | 821.162.4-3 |
| Subject category code subdivision | Slovenská próza |
| Source | konspekt |
| 080 ## - UNIVERSAL DECIMAL CLASSIFICATION NUMBER | |
| Universal Decimal Classification number | 821.162.4-32 |
| Edition identifier | 2011 |
| 100 0# - MAIN ENTRY--PERSONAL NAME | |
| Personal name | Timrava, |
| Dates associated with a name | 1867-1951 |
| Relationship | aut |
| 245 10 - TITLE STATEMENT | |
| Title | Skúsenosť |
| Remainder of title | vybrané poviedky |
| Statement of responsibility, etc. | Božena Slančíková Timrava |
| 260 ## - PUBLICATION, DISTRIBUTION, ETC. | |
| Place of publication, distribution, etc. | Rohovce |
| Name of publisher, distributor, etc. | Interpopulart Slovakia |
| Date of publication, distribution, etc. | [1999] |
| 300 ## - PHYSICAL DESCRIPTION | |
| Extent | 103 strán |
| Dimensions | 21 cm |
| 490 1# - SERIES STATEMENT | |
| Series statement | Populart. Slovenská realistická literatúra |
| 490 1# - SERIES STATEMENT | |
| Series statement | Študentská knižnica |
| Volume/sequential designation | 57. |
| 655 #7 - INDEX TERM--GENRE/FORM | |
| Genre/form data or focus term | slovenské poviedky |
| Source of term | SNKPH |
| 830 #0 - SERIES ADDED ENTRY--UNIFORM TITLE | |
| Uniform title | Populart |
| Name of part/section of a work | Slovenská realistická literatúra |
| 830 #0 - SERIES ADDED ENTRY--UNIFORM TITLE | |
| Uniform title | Študentská knižnica |
| 910 ## - USER-OPTION DATA (OCLC) | |
| User-option data | snk |
| 942 ## - ADDED ENTRY ELEMENTS (KOHA) | |
| Source of classification or shelving scheme | Dewey Decimal Classification |
| Koha item type | Krásna literatúra pre dospelých |
| Suppress in OPAC | No |
| 949 ## - LOCAL PROCESSING INFORMATION (OCLC) | |
| 6 | 270001000048004 |
| a | svkbbA 94680 |
| p | 612.591 |
| 949 ## - LOCAL PROCESSING INFORMATION (OCLC) | |
| 6 | 270001000052549 |
| a | svkbbA 94680-a |
| b | svkbbm 612592 |
| o | oéprava väzby |
| p | 612.592 |
| 949 ## - LOCAL PROCESSING INFORMATION (OCLC) | |
| 6 | 270001000066124 |
| a | svkbbA 94680 |
| p | 613.242 |
| 949 ## - LOCAL PROCESSING INFORMATION (OCLC) | |
| 6 | 17A0378280 |
| 9 | P60, <03>, [BOOK], {603} |
| a | snkSC 111077 |
| b | snkKSP 3863/2003 |
| s | 6100:20210419 |
| Stav vyradenia | Strata | Poškodenie | Spôsob nadobudnutia | Domovská knižnica | Aktuálna knižnica | Dátum nadobudnutia | Total checkouts | Čiarový kód exemplára | Date last seen | Typ exemplára |
|---|---|---|---|---|---|---|---|---|---|---|
| Dar | Obecná knižnica Horná Štubňa | Obecná knižnica Horná Štubňa | 22.01.2026 | 8088834562 | 22.01.2026 | Krásna literatúra pre dospelých |
